000 00327nam a22001337a 4500
008 180809b xxu||||| |||| 00| 0 eng d
041 _aeng
080 _a616.053 HO.S.Y
082 _a616.053 HO.S.Y
100 _a7
101 _aKAR
245 _aEchocardiography in congenital heart disease
_cHO.S.Y
942 _2udc
_cBK
999 _c46985
_d46985